Historia de la deuda externa de América Latina
Saved in:
| Main Author: | |
|---|---|
| Format: | Book |
| Language: | Spanish |
| Published: |
Madrid
Alianza
1988
|
| Series: | Alianza América. Monografías, 12
|
| Subjects: | |
| Tags: |
Add Tag
No Tags, Be the first to tag this record!
|
MARC
| LEADER | 00000cam a2200000 a 4500 | ||
|---|---|---|---|
| 001 | UCX5654 | ||
| 003 | CL-VaPUC | ||
| 008 | 921229e19880000SP |||||||||||||||||spa|d | ||
| 020 | |a 8420642126 | ||
| 082 | 0 | 4 | |a 332.6 |b MAR |2 21 |
| 100 | |a Marichal, Carlos |e autor |9 597116 | ||
| 245 | 1 | 0 | |a Historia de la deuda externa de América Latina |
| 300 | |a 322 p | ||
| 942 | |c BK | ||
| 945 | |d 19921229 00:00:00 | ||
| 260 | |a Madrid |b Alianza |c 1988 | ||
| 650 | 7 | |a DEUDA EXTERNA |2 CL-VaPUC |9 314619 | |
| 650 | 0 | |a Política económica |9 255029 | |
| 651 | 0 | |a América Latina |9 255027 | |
| 583 | |a last modification |c 20160920 10:46:53 |k Rodrigo Vera | ||
| 490 | 0 | |a Alianza América. Monografías, 12 | |
| 999 | |c 225856 |d 225854 | ||
| 952 | |0 0 |1 0 |4 0 |6 332_600000000000000_MAR_1988 |7 0 |8 A |9 223732 |a BIBING |b BIBING |d 2019-11-15 |i 2925699 |o 332.6 MAR 1988 |p 2925699 |r 2025-01-20 |w 2019-11-15 |y BK |k GEO | ||
| 952 | |0 0 |1 0 |4 0 |6 332_600000000000000_MAR_1988 |7 0 |8 A |9 223733 |a BIBHIS |b BIBHIS |d 2019-11-15 |i 4866738 |o 332.6 MAR 1988 |p 4866738 |r 2025-01-20 |w 2019-11-15 |y BK |k HIS | ||